000 00390nam a22001217a 4500
999 _c10206
_d10206
003 OSt
008 201218b ||||| |||| 00| 0 eng d
245 _aIEEMA Journal
250 _a2013(Jan Vol.4 No.5, Feb Vol.4 No.6, Mar Vol.4 No.7)
260 _aMumbai
_bIndian Electrical and Electronics Manufacturers Association
650 _aElectronics and Communication Engineering
942 _2ddc
_cBV